banner-ar

THE STREET TREES OF EGYPT / (Record no. 4374)

MARC details
000 -الفاتح
حقل البيانات ثابتة الطول 00631nam a2200229Ia 4500
008 - عناصر البيانات ثابتة الطول - معلومات عامة
حقل البيانات ثابتة الطول 140319s9999 xx 000 0 eng d
020 ## - الرقم الدولى المعيارى للكتب
الرقم الدولى المعيارى للكتاب 9774241738
040 ## - مصدر الفهرسة
وكالة الفهرسة الأصلية GCL /
وكالة النسخ GCL
082 04 - رقم تصنيف ديوى العشرى
رقم التصنيف CC
رقم المادة 582.16
-- M S
100 1# - المدخل الرئيسى - إسم شخصى
الإسم الشخصى M. NABIL EL- HADIDI
245 10 - بيان العنوان
العنوان THE STREET TREES OF EGYPT /
بيان المسئوليه,etc M. NABIL EL- HADIDI
700 1# - المدخل الاضافى - اسم شخصى
الإسم الشخصى LOUTFY BOULOS
700 1# - المدخل الاضافى - اسم شخصى
الإسم الشخصى MAGDY EL-GOHARY
700 1# - المدخل الاضافى - اسم شخصى
الإسم الشخصى SAMI MAKAR
260 ## - PUBLICATION, DISTRIBUTION, ETC. (IMPRINT)
تاريخ النشر أو التوزيع 1989
300 ## - الوصف المادى
التعداد 129 P.:
تفاصيل ماديه اخرى للوعاء ILL ؛
أبعاد الوعاء 24 cm.
650 04 - المدخل الاضافى بالموضوع-مصطلح موضوعى
مصطلح موضوعي AGRICULTURE
650 04 - المدخل الاضافى بالموضوع-مصطلح موضوعى
مصطلح موضوعي TREES IN CITIES
650 04 - المدخل الاضافى بالموضوع-مصطلح موضوعى
مصطلح موضوعي TREES
942 ## - عناصر المدخل الإضافي( كوها)
مصدر التصنيف او مخطط الترفيف Dewey Decimal Classification
Koha [default] item type كتاب
260 ## - PUBLICATION, DISTRIBUTION, ETC. (IMPRINT)
-- القاهرة :
-- THE AMERICAN UNIVERSITY IN CAIRO PRESS ،
Holdings
حالة التراجع حالة الفقد حالة تلف ليس للاعارة المكان المؤقت الموقع الحالى تاريخ الاكتساب اجمالي اﻻعارات رقم الطلب الباركود تاريخ اخر مشاهدة تاريخ تفعيل السعر نوع وعاء كوها
        مكتبة القاهرة الكبرى مكتبة القاهرة الكبرى 03/26/2014   CC\582.16\M S 9893 03/26/2014 03/26/2014 كتاب
        مكتبة القاهرة الكبرى مكتبة القاهرة الكبرى 03/26/2014   CC\582.16\M S 9894 03/26/2014 03/26/2014 كتاب
        مكتبة القاهرة الكبرى مكتبة القاهرة الكبرى 03/26/2014   CC\582.16\M S 9895 03/26/2014 03/26/2014 كتاب
        مكتبة القاهرة الكبرى مكتبة القاهرة الكبرى 03/26/2014   CC\582.16\M S 9896 03/26/2014 03/26/2014 كتاب

Powered By

EGPV